History Quiz

Random History or City Quiz

Click My Hometown Quiz Stats

 Plays Quiz Updated Jun 24, 2014

Support Sporcle.
Go Orange.
Score 0/25 Timer 05:00
3 Plays Today
% Correct
Alexandria, Egypt
89.7%
Porbandar, India
88.8%
Stratford-upon-Avon, England
82.3%
Liverpool, England
82.3%
Hope, Arkansas
75.8%
Málaga, Spain
73.1%
Salzburg, Austria
72.9%
Ajaccio, Corsica
72.6%
Vinci, Italy
72.2%
Woolsthorpe-by-Colsterworth, England
65.2%
Boston, Massachusetts
63.7%
Genoa, Italy
63.1%
Seattle, Washington
61.7%
% Correct
Tupelo, Mississippi
61.7%
Bonn, Germany
61.6%
Gary, Indiana
58.7%
Ulm, Germany
56.2%
Caprese, Italy
54.8%
Atlanta, Georgia
51.1%
Brookline, Massachusetts
50.9%
Hodgenville, Kentucky
50.7%
Florida, Missouri
46.7%
Los Angeles, California
43.8%
Louisville, Kentucky
42.5%
Tuscumbia, Alabama
35%

From the Vault

3 Letter Words in 1960s Songs

by AwesumJuan

Music 2m
Any word longer than 3 letters is just way too much.
Remove Ads.
Support Sporcle.
Get the best of Sporcle when you Go Orange. This ad-free experience offers more features, more stats, and more fun while also helping to support Sporcle. Thank you for becoming a member.

Show Comments

Extras

Top Quizzes Today


Score Distribution

Your Account Isn't Verified!

In order to create a playlist on Sporcle, you need to verify the email address you used during registration. Go to your Sporcle Settings to finish the process.

Report this User

Report this user for behavior that violates our Community Guidelines.

Details: